Guess the company by its founder - Statistics

General Stats
  • This quiz has been taken 88 times
  • The average score is 6 of 10
Answer Stats
Founder Answer % Correct
Bill Gates, Paul Allen Microsoft
97%
Steve Jobs Apple
96%
Enzo Ferrari Ferrari
96%
Mark Zuckerberg Facebook
93%
Sam Walton, Bud Walton Walmart
65%
Ingvar Kamprad IKEA
55%
Elon Musk SpaceX
49%
Ray Croc McDonalds
41%
(Asa Griggs Candler) John Pemberton Coca-Cola
17%
Fredrik Idestam, Leo Mechelin, Eduard Polón Nokia
15%
No matching quizzes found
Score Distribution
Percent of People with Each Score
Percentile by Number Answered
Your Score History
You have not taken this quiz